000 00302nam a2200121Ia 4500
008 190216s9999||||xx |||||||||||||| ||und||
100 _aNarendra Singh Patel
245 0 _aHindi-Computer Adhyan Parichaya
260 _b"Ambika Publications,New Delhi"
300 _a135
650 _aHindi
942 _cBK
999 _c16448
_d16448